| 000 | 01012nam0a22002771 4500 | ||
|---|---|---|---|
| 001 | RU\INFOCOMM_322\NLR\5000076628 | ||
| 005 | 20250613103724.0 | ||
| 035 | _a(NLR Aleph) 009478475 | ||
| 090 |
_a8572211 _c8572211 |
||
| 100 | _a20121127d1933 |||y0rusy50 ca | ||
| 101 | 1 |
_apol _crus |
|
| 102 | _aRU | ||
| 105 | _aa z ||||| | ||
| 200 | 1 |
_a... Elementarz polityczny _ePodręcznik dla kandydackich szkól partyjnych _ePrzekład z drugiego przerobionego wydania rosyjskiego _hCzęść 1-2 |
|
| 210 |
_aMoskwa _cWyd-wo partyjne _d1933 |
||
| 215 |
_a2 т. _cил. _d20 см |
||
| 300 | _aНа последней с. текста: С. Ингулов. Политграмота | ||
| 606 | 0 |
_aОбществоведение _91764031 _3RU\NLR\AUTH\66791493 |
|
| 620 | _aМосква | ||
| 700 | 1 |
_9z01790 _aIngulov _bS. B. _f1893- _gSergej Borisovič |
|
| 790 | 1 |
_9z01700 _aIngułow _bS. _4070 |
|
| 801 | 1 |
_aRU _bNLR _c20121127 |
|
| 801 | 0 |
_aRU _bINFOCOMM _gPSBO |
|
| 852 |
_aNLR _jD17/25 _y2 экз. |
||
| 942 | _cBOOK | ||
| 980 | _aNB | ||